Контроль качества и оценка неопределенности измерений; АНРИ; Аппаратура и новости радиационных измерений; № 1
| Источник: | АНРИ.— , 2000- Аппаратура и новости радиационных измерений: научно-информационный журнал/ Доза ; Государственный комитет по санэпиднадзору РФ ; Метрологическая академия РФ № 1.— 2006.— С. 23-33 |
|---|---|
| Главный автор: | |
| Язык: | русский |
| Опубликовано: |
2006
|
| Серии: | Измерения |
| Предметы: | |
| Формат: | Статья |
| Запись в KOHA: | https://koha.lib.tpu.ru/cgi-bin/koha/opac-detail.pl?biblionumber=401349 |
MARC
| LEADER | 00000naa2a2200000 4500 | ||
|---|---|---|---|
| 001 | 401349 | ||
| 005 | 20231101065533.0 | ||
| 035 | |a (RuTPU)RU\TPU\prd\44667 | ||
| 090 | |a 401349 | ||
| 100 | |a 20060713a2006 k y0rusy50 ca | ||
| 101 | 0 | |a rus | |
| 102 | |a RU | ||
| 200 | 1 | |a Контроль качества и оценка неопределенности измерений |f А. О. Грубич | |
| 225 | 1 | |a Измерения | |
| 320 | |a Библиогр.: 9 назв. | ||
| 461 | 0 | |0 (RuTPU)RU\TPU\prd\1302 |t АНРИ |d 2000- | |
| 461 | |t Аппаратура и новости радиационных измерений |o научно-информационный журнал |f Доза ; Государственный комитет по санэпиднадзору РФ ; Метрологическая академия РФ | ||
| 463 | 0 | |0 (RuTPU)RU\TPU\prd\43275 |t № 1 |v С. 23-33 |d 2006 | |
| 610 | 1 | |a радиационный контроль | |
| 610 | 1 | |a рекомендации | |
| 610 | 1 | |a Беларусь | |
| 610 | 1 | |a качество измерений | |
| 610 | 1 | |a внутрилабораторный контроль | |
| 700 | 1 | |a Грубич |b А. О. | |
| 801 | 1 | |a RU |b 63413507 |c 20060713 |g PSBO | |
| 801 | 2 | |a RU |b 63413507 |c 20120321 |g RCR | |
| 942 | |c BK | ||